000 00501nam a2200181Ia 4500
001 17269
005 20260306170412.0
008 260306t2012||||xx |||||||||||||| ||und||
041 _aESP
082 _a657.61
_bF43F
100 _aFerrer Quea, Alejandro,
_eAUT
245 0 _aNormas internacionales de información financiera - NIIF's fundamentalescomentarios y aplicaciones
260 _c2012
300 _a448 pƔginas :
_c24 cm.
650 _aGEN
654 _aCHU
942 _cLIB
_dJUS
_fJUS
_2ddc
_n
999 _c17269
_d17269